| 000 | 01493nam a2200349 a 4500 | ||
|---|---|---|---|
| 001 | ebr10518682 | ||
| 003 | CaPaEBR | ||
| 006 | m u | ||
| 007 | cr cn||||||||| | ||
| 008 | 110118s2011 njua sb 001 0 eng d | ||
| 010 | _z 2011002193 | ||
| 020 | _z9781405191487 (pbk.) | ||
| 020 | _z9781118292983 (e-book) | ||
| 040 |
_aCaPaEBR _cCaPaEBR |
||
| 035 | _a(OCoLC)773475348 | ||
| 050 | 1 | 4 |
_aR852 _b.B69 2011eb |
| 082 | 0 | 4 |
_a610.72 _222 |
| 100 | 1 |
_aBowers, David, _d1938- |
|
| 245 | 1 | 0 |
_aGetting started in health research _h[electronic resource] / _cDavid Bowers, Allan House, David Owens. |
| 260 |
_aChichester, West Sussex, U.K. ; _aHoboken, N.J. : _bWiley-Blackwell/BMJ Books, _c2011. |
||
| 300 |
_aviii, 180 p. : _bill. |
||
| 504 | _aIncludes bibliographical references (p. 174-176) and index. | ||
| 505 | 0 | _apt. 1. Limbering up -- pt. 2. On your marks -- pt. 3. Get set -- pt. 4. Wait for it -- pt. 5. Go! -- pt. 6. Staying the course -- pt. 7. The finishing line. | |
| 533 |
_aElectronic reproduction. _bPalo Alto, Calif. : _cebrary, _d2012. _nAvailable via World Wide Web. _nAccess may be limited to ebrary affiliated libraries. |
||
| 650 | 0 |
_aMedicine _xResearch. |
|
| 650 | 0 |
_aBiology _xResearch. |
|
| 655 | 7 |
_aElectronic books. _2local |
|
| 700 | 1 | _aHouse, Allan. | |
| 700 | 1 |
_aOwens, David, _cDr. |
|
| 710 | 2 | _aebrary, Inc. | |
| 856 | 4 | 0 |
_uhttp://site.ebrary.com/lib/rucke/Doc?id=10518682 _zAn electronic book accessible through the World Wide Web; click to view |
| 999 |
_c140298 _d140298 |
||